| 000 | 00674 a2200217 4500 | ||
|---|---|---|---|
| 005 | 20250506075830.0 | ||
| 020 | _a9788177541755 | ||
| 050 |
_aSB187 _bRAT 2014 |
||
| 100 |
_aRathore, P. S. _eeditor |
||
| 245 |
_aTechniques and management of field crop production / _cedited by P. S. Rathore |
||
| 264 |
_aNew Delhi : _bAgrobios, _c2014 |
||
| 300 |
_a539 pages : _billustrations. |
||
| 336 |
_2rdacontent _atext _btxt |
||
| 337 |
_2rdamedia _aunmediated _bn |
||
| 338 |
_2rdacarrier _avolume _bnc |
||
| 504 | _aIncludes bibliographical references | ||
| 650 | _aField crops | ||
| 650 | _aCrop production | ||
| 700 |
_aRathore, P. S. _eeditor |
||
| 942 |
_2lcc _cBK _h187 _iRAT _kSB |
||
| 999 |
_c5759 _d5759 |
||